• 首页
  • 本馆介绍
  • 公告通知
  • 最新文献
  • 馆藏检索
  • 电子资源
  • 读者导购
  • 参考咨询
  • 我的图书馆
  • 登录
  • 详细信息显示
  • 放入我的书架
  • 预约/预借图书
  • 作者相关作品
  • 分类相关作品
  • 丛书相关作品
  • 出版社相关作品

书目信息

  • 表格格式
  • 工作单格式
  • 卡片格式
书名: Concise dictionary of scientific biography
作者:
分册号:
分册名:
出版地: New York :
 
出版社: Scribner
出版时间: c1981.
页数: 773 p. ;
开本: 29 cm.
丛书名:
中图分类号:
科图分类号:
其他分类号: K811-61
主题词:
电子资源:
000 01167nam 2200313 a 4500
001 E0740382578
005 20070302111332.07
008 810422s1981 nyu 00000ceng
008 uu
008 uu
010    @a81005629 //r88
020    @a068416650X :@c$60.00.
049    @aN5LA
050 0  @aQ141 @b.C55
082 0  @a509/.2/2 @aB @219
090    @a2G/K816.1/-61/C74///////475559/*976751/-52/ cop.2-3
090    @aK811-61
096    @aK816.1-61 @v2
099    @dK811-61@ex1
245 00 @aConcise dictionary of scientific biography
260 0  @aNew York :@bScribner,@cc1981.
300    @a773 p. ;@c29 cm.
500    @aAbridgement of: Dictionary of scientific biography.
500    @aPublished under the auspices of the American Council of Learned Societies.
650  0 @aScientists @xBiography @xDictionaries.
710 20 @aAmerican Council of Learned Societies.
730 01 @aDictionary of scientific biography. @b00 @c20020930 @lNLC09 @h2248 @b00 @c20021016 @lNLC09 @h0215 @lNLC09 @h2321 @lNLC09 @h1913 @b00 @c20030601 @lNLC09 @h1751
852 9  @bWWJC @cJ09 @k2G @hK816.1-61 @iC74
852 9  @bGJSS @k2G @hK816.1-61 @iC74
    
    Concise dictionary of scientific biography.-New York : : Scribner, , c1981.
    773 p. ; ; 29 cm.
    Abridgement of: Dictionary of scientific biography.-Published under the auspices of the American Council of Learned Societies.
    
    ISBN 068416650X :$60.00.
    
●
相关链接 在E读中查询图书 在五车中查询图书 在当当中查询图书 在豆瓣中查询图书


正题名:Concise dictionary of scientific biography     索取号:K811-61/x1         预约/预借

序号 登录号 条形码 馆藏地/架位号 状态 备注
1 182084   001691869   第二样本阅览室/ [索取号:K811-61/x1] 在馆    
2 182085   001691949   第四借阅区/ [索取号:K811-61/x1] 在馆    
3 182086   001691985   第四借阅区/ [索取号:K811-61/x1] 在馆    
4 182087   001691903   第四借阅区/ [索取号:K811-61/x1] 在馆    
5 182088   001691770   第四借阅区/ [索取号:K811-61/x1] 在馆    
唐山师范学院图书馆 欢迎您!
大连网信软件有限公司© 版权所有